| 000 | 03491mam a22003854a 4500 | ||
|---|---|---|---|
| 001 | 2431884 | ||
| 003 | OSt | ||
| 005 | 20211118112829.0 | ||
| 008 | 990916s2000 flu b 001 0 eng | ||
| 010 | _a 99048036 | ||
| 020 | _a9781420073621 | ||
| 035 | _a(OCoLC)ocm42454286 | ||
| 038 | _akhadija | ||
| 040 |
_aDLC _cDLC _dNNC _dOrLoB-B |
||
| 042 | _apcc | ||
| 050 | 0 | 0 |
_aTJ213 _b.L419 1999 |
| 082 | 0 | 0 |
_a629.8 _221 _bCON |
| 100 | 1 |
_aLevine, W. S. _984448 |
|
| 245 | 1 | 0 |
_aControl System Fundamentals / _cWilliam S. Levine. |
| 250 | _a2nd | ||
| 260 |
_aBoca Raton, Fla. : _bCRC Press, _c2000. |
||
| 263 | _a9911 | ||
| 300 |
_a466 p. : _bill. ; _c29 cm. |
||
| 504 | _aIncludes bibliographical references. | ||
| 505 | 0 | 0 |
_gSect. I. _tMathematical Foundations. _g1. _tMathematical Foundations / _rB. P. Lathi. _g2. _tThe Fourier, Laplace, and z-Transforms / _rEdward W. Kamen. _g3. _tMatrices and Linear Algebra / _rBradley W. Dickinson. _g4. _tComplex Variables / _rC. W. Gray -- _gSect. II. _tModels for Dynamical Systems. _g5. _tStandard Mathematical Models. _g6. _tGraphical Models. _g7. _tDetermining Models -- _gSect. III. _tAnalysis and Design Methods for Continous-Time Systems. _g8. _tAnalysis Methods. _g9. _tStability Tests. _g10. _tDesign Methods -- _gSect. IV. _tDigital Control. _g11. _tDiscrete-Time Systems / _rMohammed S. Santina, Allen R. Stubberud and Gene H. Hostetter. _g12. _tSampled Data Systems / _rA. Feuer and G. C. Goodwin. _g13. _tDiscrete-Time Equivalents to Continuous-Time Systems / _rMohammed S. Santina, Allen R. Stubberud and Gene H. Hostetter. _g14. _tDesign Methods for Discrete-Time, Linear Time-Invariant Systems / _rMohammed S. Santina, Allen R. Stubberud and Gene H. Hostetter. |
| 505 | 8 | 0 |
_g15. _tQuantization Effects / _rMohammed S. Santina, Allen R. Stubberud and Gene H. Hostetter. _g16. _tSample-Rate Selection / _rMohammed S. Santina, Allen R. Stubberud and Gene H. Hostetter. _g17. _tReal-Time Software for Implementation of Feedback Control / _rDavid M. Auslander, John R. Ridgely and Jason C. Jones. _g18. _tProgrammable Controllers / _rGustaf Olsson -- _gSect. V. _tAnalysis and Design Methods for Nonlinear Systems. _g19. _tAnalysis Methods / _rDerek P. Atherton. _g20. _tDesign Methods -- _gSect. VI. _tSoftware for Control System Analysis and Design. _g21. _tNumerical and Computational Issues in Linear Control and System Theory / _rA. J. Laub, R. V. Patel and P. M. Van Dooren. _g22. _tSoftware for Modeling and Simulating Control Systems / _rMartin Otter and Francois E. Cellier. _g23. _tComputer-Aided Control Systems Design / _rC. Magnus Rimvall and Christopher P. Jobling. |
| 520 | 1 | _a"Relevant to any application you might need to investigate, Control System Fundamentals fills your need for a comprehensive treatment of the basic principles of control system engineering.". | |
| 520 | 8 | _a"This overview furnishes the underpinnings of modern control systems. Beginning with a review of the required mathematics, major subsections cover digital control and modeling. An international panel of experts discusses the specification of control systems techniques for dealing with the most common and important control system nonlinearities and digital implementation of control systems, with complete references. | |
| 520 | 8 | _aThis framework yields a primary resource that also directs you to more detailed articles and books."--BOOK JACKET. | |
| 563 | _aHardcover | ||
| 650 | 0 |
_aAutomatic control. _984449 |
|
| 650 | 0 |
_aControl theory. _984450 |
|
| 900 | _bTOC | ||
| 942 |
_2ddc _cBK |
||
| 999 |
_c32857 _d32857 |
||